Экологическое преимущество возобновляемых источников энергии (ветровая и солнечная энергетика); Экология и безопасность в техносфере: современные проблемы и пути решения

Manylion Llyfryddiaeth
Parent link:Экология и безопасность в техносфере: современные проблемы и пути решения.— 2014.— [С. 172-174]
Prif Awdur: Коротков С. Е.
Awdur Corfforaethol: Национальный исследовательский Томский политехнический университет (ТПУ) Юргинский технологический институт (филиал) (ЮТИ) Кафедра безопасности жизнедеятельности, экологии и физического воспитания (БЖДЭФВ)
Awduron Eraill: Гришагин В. М. Виктор Михайлович (научный руководитель)
Crynodeb:Заглавие с титульного экрана
Iaith:Rwseg
Cyhoeddwyd: 2014
Cyfres:Экологическая и техногенная безопасность
Pynciau:
Mynediad Ar-lein:http://earchive.tpu.ru/handle/11683/18542
http://www.lib.tpu.ru/fulltext/c/2014/C52/054.pdf
Fformat: Electronig Pennod Llyfr
KOHA link:https://koha.lib.tpu.ru/cgi-bin/koha/opac-detail.pl?biblionumber=610175

MARC

LEADER 00000naa2a2200000 4500
001 610175
005 20260401153504.0
035 |a (RuTPU)RU\TPU\conf\7771 
035 |a RU\TPU\conf\7769 
090 |a 610175 
100 |a 20150113d2014 k y0rusy50 ca 
101 0 |a rus 
102 |a RU 
135 |a drcn ---uucaa 
181 0 |a i  
182 0 |a b 
200 1 |a Экологическое преимущество возобновляемых источников энергии (ветровая и солнечная энергетика)  |f С. Е. Коротков  |g науч. рук. В. М. Гришагин 
203 |a Текст  |c электронный 
225 1 |a Экологическая и техногенная безопасность 
300 |a Заглавие с титульного экрана 
320 |a [Библиогр.: с. 174 (4 назв.)] 
337 |a Adobe Reader 
463 0 |0 (RuTPU)RU\TPU\conf\7739  |t Экология и безопасность в техносфере: современные проблемы и пути решения  |o сборник трудов Всероссийской научно-практической конференции молодых ученых, аспирантов и студентов, г. Юрга, 27-28 ноября 2014 г.  |f Национальный исследовательский Томский политехнический университет (ТПУ), Юргинский технологический институт (ЮТИ) ; под ред. В. М. Гришагин [и др.]  |v [С. 172-174]  |d 2014 
610 1 |a труды учёных ТПУ 
610 1 |a электронный ресурс 
610 1 |a экология 
610 1 |a возобновляемые источники энергии 
610 1 |a ветровая энергия 
610 1 |a солнечная энергетика 
610 1 |a электроэнергетика 
700 1 |a Коротков  |b С. Е. 
702 1 |a Гришагин  |b В. М.  |c специалист в области экологии и безопасности жизнедеятельности  |c доцент Юргинского технологического института (филиала) Томского политехнического университета, кандидат технических наук  |f 1956-  |g Виктор Михайлович  |4 727  |9 10742 
712 0 2 |a Национальный исследовательский Томский политехнический университет (ТПУ)  |b Юргинский технологический институт (филиал) (ЮТИ)  |b Кафедра безопасности жизнедеятельности, экологии и физического воспитания (БЖДЭФВ)  |3 (RuTPU)RU\TPU\col\18930 
801 2 |a RU  |b 63413507  |c 20220407  |g RCR 
856 4 |u http://earchive.tpu.ru/handle/11683/18542 
856 4 |u http://www.lib.tpu.ru/fulltext/c/2014/C52/054.pdf 
942 |c BK